[Event "NRW Class1 1819"]
[Site "Germany"]
[Date "2018.09.16"]
[Round "1.6"]
[White "Meier, Jan"]
[Black "Schaffarczyk, Andre"]
[Result "1/2-1/2"]
[WhiteElo "2067"]
[BlackElo "2129"]
[PlyCount "45"]
[EventDate "2018.09.16"]
[EventType "team-tourn"]
[EventRounds "9"]
[EventCountry "GER"]
[SourceTitle "EXT 2022"]
[Source "ChessBase"]
[SourceDate "2021.10.06"]
[SourceVersion "1"]
[SourceVersionDate "2021.10.06"]
[SourceQuality "1"]
[WhiteTeam "Lippstadt Turm"]
[BlackTeam "Lieme"]
[WhiteTeamCountry "GER"]
[BlackTeamCountry "GER"]

1. d4 d5 2. c4 e6 3. Nf3 Nf6 4. g3 Bb4+ 5. Bd2 Bd6 6. Qc2 c6 7. Bg2 0-0 8. 0-0 Ne4 9. Bf4 Bxf4 10. gxf4 f5 11. Nbd2 Bd7 12. Ne5 Na6 13. Nxe4 fxe4 14. e3 Be8 15. f3 exf3 16. Bxf3 Rf6 17. Kh1 Bg6 18. Qd2 Qe7 19. a3 Rd8 20. b4 Nb8 21. b5 cxb5 22. cxb5 Nd7 23. Rfc1 1/2-1/2

[Event "NRW Class2 1718"]
[Site "Germany"]
[Date "2018.01.28"]
[Round "5.4"]
[White "Rempe, Moritz"]
[Black "Meier, Jan"]
[Result "1/2-1/2"]
[WhiteElo "1998"]
[BlackElo "2068"]
[PlyCount "30"]
[EventDate "2017.09.17"]
[EventType "team-tourn"]
[EventRounds "9"]
[EventCountry "GER"]
[SourceTitle "EXT 2019"]
[Source "ChessBase"]
[SourceDate "2018.10.10"]
[SourceVersion "1"]
[SourceVersionDate "2018.10.10"]
[SourceQuality "1"]
[WhiteTeam "Bochum SG II"]
[BlackTeam "Lippstadt Turm"]
[WhiteTeamCountry "GER"]
[BlackTeamCountry "GER"]

1. e4 c5 2. Nf3 e6 3. c4 Nc6 4. Nc3 Nf6 5. d3 d5 6. Bg5 d4 7. Ne2 e5 8. Ng3 h6 9. Bd2 Be6 10. Be2 Qd7 11. 0-0 g5 12. a3 Be7 13. Qa4 Bd6 14. Rfb1 Ne7 15. Qc2 Ng6 1/2-1/2

[Event "NRW Class1 1516"]
[Site "Germany"]
[Date "2016.05.08"]
[Round "9.3"]
[White "Meier, Jan"]
[Black "Heisel, Guido"]
[Result "1-0"]
[WhiteElo "2041"]
[BlackElo "2051"]
[PlyCount "61"]
[EventDate "2015.09.27"]
[EventType "team-tourn"]
[EventRounds "9"]
[EventCountry "GER"]
[SourceTitle "EXT 2017"]
[Source "ChessBase"]
[SourceDate "2016.10.25"]
[SourceVersion "1"]
[SourceVersionDate "2016.10.25"]
[SourceQuality "1"]
[WhiteTeam "Lippstadt Turm"]
[BlackTeam "Duisburg"]
[WhiteTeamCountry "GER"]
[BlackTeamCountry "GER"]

1. d4 c5 2. d5 f5 3. c4 g6 4. Nc3 Bg7 5. g3 Nf6 6. Bg2 0-0 7. Nf3 d6 8. 0-0 Nh5 9. Qd3 Na6 10. a3 Nc7 11. e4 f4 12. Ne2 fxg3 13. fxg3 Qe8 14. Nc3 Rb8 15. a4 a6 16. a5 b5 17. axb6 Rxb6 18. e5 dxe5 19. Qe3 Bf5 20. Nxe5 Qc8 21. Qxc5 Rb3 22. Nc6 Bf6 23. g4 Rf7 24. gxf5 gxf5 25. Nd4 Rb8 26. Nxf5 Kh8 27. d6 exd6 28. Nxd6 Qg4 29. Nxf7+ Kg7 30. Qxc7 Rc8 31. Ne5+ 1-0

[Event "NRW Class1 1516"]
[Site "Germany"]
[Date "2015.10.25"]
[Round "2.4"]
[White "Mueller, Achim"]
[Black "Meier, Jan"]
[Result "0-1"]
[WhiteElo "2077"]
[BlackElo "2041"]
[PlyCount "80"]
[EventDate "2015.09.27"]
[EventType "team-tourn"]
[EventRounds "9"]
[EventCountry "GER"]
[SourceTitle "EXT 2017"]
[Source "ChessBase"]
[SourceDate "2016.10.25"]
[SourceVersion "1"]
[SourceVersionDate "2016.10.25"]
[SourceQuality "1"]
[WhiteTeam "Emsdetten Rochade"]
[BlackTeam "Lippstadt Turm"]
[WhiteTeamCountry "GER"]
[BlackTeamCountry "GER"]

1. e4 c5 2. c3 d5 3. exd5 Qxd5 4. d4 Nf6 5. Nf3 e6 6. Na3 a6 7. Nc2 Nc6 8. Be2 Be7 9. 0-0 0-0 10. c4 Qd8 11. Bg5 b6 12. Ne5 Bb7 13. Bf3 Qc8 14. Ng4 Nxg4 15. Bxe7 Nxf2 16. Rxf2 Nxe7 17. Bxb7 Qxb7 18. dxc5 bxc5 19. Qd6 Nf5 20. Qe5 Rad8 21. Re1 Qc6 22. g4 Nd4 23. Qe4 Qxe4 24. Rxe4 Nc6 25. a3 Rb8 26. Ne1 Rfd8 27. Kg2 Rd4 28. Rxd4 cxd4 29. b4 Ne5 30. c5 Nxg4 31. Rf4 Ne3+ 32. Kf3 e5 33. Rh4 f5 34. Ke2 e4 35. Rh3 a5 36. c6 axb4 37. c7 Rc8 38. axb4 Rxc7 39. Rxe3 dxe3 40. Kxe3 Rc4 0-1

[Event "Oberliga NRW 0708"]
[Site "Germany"]
[Date "2008.04.06"]
[Round "8.5"]
[White "Meier, Jan"]
[Black "Straub, Natalia"]
[Result "1/2-1/2"]
[WhiteElo "2182"]
[BlackElo "2284"]
[PlyCount "70"]
[EventDate "2007.09.16"]
[EventType "team-tourn"]
[EventRounds "9"]
[EventCountry "GER"]
[SourceTitle "EXT 2009"]
[Source "ChessBase"]
[SourceDate "2008.11.26"]
[SourceVersion "1"]
[SourceVersionDate "2008.11.26"]
[SourceQuality "1"]
[WhiteTeam "Lippstadt Turm"]
[BlackTeam "Duesseldorf"]
[WhiteTeamCountry "GER"]
[BlackTeamCountry "GER"]

1. d4 Nf6 2. c4 g6 3. Nc3 Bg7 4. e4 d6 5. f3 0-0 6. Be3 c6 7. Qd2 a6 8. a4 a5 9. Bd3 Na6 10. Nge2 Nb4 11. Bb1 e5 12. d5 cxd5 13. cxd5 Nd7 14. 0-0 Nc5 15. Ra3 b6 16. Na2 Ba6 17. Re1 Nxa2 18. Bxa2 Qd7 19. Nc3 f5 20. exf5 gxf5 21. Bb1 Rf6 22. Bc2 Kh8 23. Kh1 Rg8 24. f4 e4 25. Ne2 Rg6 26. Nd4 Bf6 27. Rg1 Bb7 28. b4 Nd3 29. bxa5 bxa5 30. Bxd3 exd3 31. Qxa5 Ra8 32. Qb5 Qxb5 33. Nxb5 Bxd5 34. Rxd3 Be4 35. Rxd6 Rxa4 1/2-1/2

[Event "Oberliga NRW 0708"]
[Site "Germany"]
[Date "2007.12.09"]
[Round "4.5"]
[White "Romanova, Inna"]
[Black "Meier, Jan"]
[Result "1/2-1/2"]
[WhiteElo "2287"]
[BlackElo "2182"]
[PlyCount "89"]
[EventDate "2007.09.16"]
[EventType "team-tourn"]
[EventRounds "9"]
[EventCountry "GER"]
[SourceTitle "EXT 2009"]
[Source "ChessBase"]
[SourceDate "2008.11.26"]
[SourceVersion "1"]
[SourceVersionDate "2008.11.26"]
[SourceQuality "1"]
[WhiteTeam "Betzdorf Kirchen"]
[BlackTeam "Lippstadt Turm"]
[WhiteTeamCountry "GER"]
[BlackTeamCountry "GER"]

1. d4 d5 2. c4 e6 3. Nc3 Nf6 4. e3 c6 5. Nf3 Nbd7 6. Bd3 dxc4 7. Bxc4 b5 8. Bd3 a6 9. e4 c5 10. e5 cxd4 11. Nxb5 Nxe5 12. Nxe5 axb5 13. Qf3 Bb4+ 14. Ke2 Bd7 15. Bg5 Be7 16. h4 Rc8 17. h5 Rc5 18. Bxf6 Bxf6 19. Nxd7 Qxd7 20. h6 Ke7 21. hxg7 Bxg7 22. Rh5 f5 23. Rah1 h6 24. g4 Rf8 25. gxf5 exf5 26. Kd2 Re5 27. Rg1 Kd6 28. Rg6+ Re6 29. Rxe6+ Qxe6 30. Bxb5 Kc7 31. Rh1 Kb6 32. a4 Rc8 33. Bd3 Qb3 34. Rb1 Rc2+ 35. Ke1 Rxb2 36. Rxb2 Qxb2 37. Qxf5 Qc1+ 38. Ke2 Qg5 39. Qe6+ Kc5 40. Qc8+ Kd6 41. Qb8+ Kc5 42. Qc7+ Kb4 43. Qb6+ Kc3 44. Qc6+ Kb4 45. Qc4+ 1/2-1/2

[Event "NRW Class1 0607"]
[Site "Germany"]
[Date "2007.05.06"]
[Round "9.7"]
[White "Meier, Jan"]
[Black "Schurr, Bernhard"]
[Result "1-0"]
[WhiteElo "2177"]
[BlackElo "1780"]
[PlyCount "49"]
[EventDate "2006.09.17"]
[EventType "team-tourn"]
[EventRounds "9"]
[EventCountry "GER"]
[SourceTitle "EXT 2008"]
[Source "ChessBase"]
[SourceDate "2007.11.25"]
[SourceVersion "1"]
[SourceVersionDate "2007.11.25"]
[SourceQuality "1"]
[WhiteTeam "Lippstadt Turm"]
[BlackTeam "Gerling"]
[WhiteTeamCountry "GER"]
[BlackTeamCountry "GER"]

1. d4 d6 2. c4 Nf6 3. Nc3 e6 4. e4 Be7 5. f4 0-0 6. Nf3 c5 7. d5 exd5 8. cxd5 Re8 9. Bd3 Nbd7 10. 0-0 Qc7 11. b3 a6 12. a4 c4 13. bxc4 Nc5 14. Kh1 Bg4 15. Bc2 Bf8 16. Re1 Nh5 17. Be3 g6 18. Qd2 Bg7 19. Nd4 Nf6 20. Bf2 Bh6 21. Rab1 Qe7 22. Nb3 Nxb3 23. Rxb3 Qc7 24. Bd3 Rad8 25. Bb6 1-0

[Event "NRW Class1 0607"]
[Site "Germany"]
[Date "2007.03.18"]
[Round "7.7"]
[White "Meier, Jan"]
[Black "Visschedijk, Theo"]
[Result "1-0"]
[WhiteElo "2177"]
[BlackElo "1894"]
[PlyCount "71"]
[EventDate "2006.09.17"]
[EventType "team-tourn"]
[EventRounds "9"]
[EventCountry "GER"]
[SourceTitle "EXT 2008"]
[Source "ChessBase"]
[SourceDate "2007.11.25"]
[SourceVersion "1"]
[SourceVersionDate "2007.11.25"]
[SourceQuality "1"]
[WhiteTeam "Lippstadt Turm"]
[BlackTeam "Emsdetten II"]
[WhiteTeamCountry "GER"]
[BlackTeamCountry "GER"]

1. d4 d5 2. c4 e6 3. Nc3 Nf6 4. cxd5 exd5 5. Bg5 Be7 6. e3 0-0 7. Bd3 b6 8. Nf3 Nbd7 9. 0-0 Bb7 10. Rc1 Ne4 11. Bf4 Bd6 12. Bxd6 Nxd6 13. Nb5 Ne8 14. b4 c6 15. Nc3 Nd6 16. e4 dxe4 17. Nxe4 Nf6 18. Nxf6+ Qxf6 19. Ne5 Rfc8 20. Qg4 Rc7 21. Rfe1 Bc8 22. Qh5 g6 23. Qh6 Bf5 24. Qf4 Kg7 25. Bxf5 Nxf5 26. Nxg6 Rd7 27. Ne5 Rxd4 28. Qf3 Re8 29. Nxc6 Rc4 30. Red1 Ree4 31. Rxc4 Rxc4 32. b5 Ra4 33. h3 Rxa2 34. Rd5 Ne7 35. Qxf6+ Kxf6 36. Rd6+ 1-0

[Event "NRW Class1 0607"]
[Site "Germany"]
[Date "2006.10.29"]
[Round "2.6"]
[White "Meier, Jan"]
[Black "Elmali, Naufel"]
[Result "1/2-1/2"]
[WhiteElo "2177"]
[BlackElo "2089"]
[PlyCount "36"]
[EventDate "2006.09.17"]
[EventType "team-tourn"]
[EventRounds "9"]
[EventCountry "GER"]
[SourceTitle "EXT 2007"]
[Source "ChessBase"]
[SourceDate "2006.11.23"]
[SourceVersion "1"]
[SourceVersionDate "2006.11.23"]
[SourceQuality "1"]
[WhiteTeam "Lippstadt Turm"]
[BlackTeam "Solingen III"]
[WhiteTeamCountry "GER"]
[BlackTeamCountry "GER"]

1. d4 Nf6 2. c4 e6 3. Nf3 c5 4. d5 b5 5. dxe6 fxe6 6. cxb5 d5 7. e3 Bd6 8. Be2 Bb7 9. 0-0 0-0 10. b3 Nbd7 11. Nc3 Qe7 12. Ba3 e5 13. e4 d4 14. Bc4+ Kh8 15. Nd5 Nxd5 16. exd5 e4 17. Re1 Rxf3 18. gxf3 Qh4 1/2-1/2

[Event "OWL-ch"]
[Site "Lippstadt"]
[Date "2006.04.20"]
[Round "1"]
[White "Himpenmacher, Andy"]
[Black "Meier, Jan"]
[Result "1/2-1/2"]
[WhiteElo "1992"]
[BlackElo "2141"]
[PlyCount "36"]
[EventDate "2006.04.21"]
[EventType "tourn"]
[EventRounds "7"]
[EventCountry "GER"]
[SourceTitle "EXT 2008"]
[Source "ChessBase"]
[SourceDate "2007.11.25"]
[SourceVersion "1"]
[SourceVersionDate "2007.11.25"]
[SourceQuality "1"]

1. e4 c5 2. c3 Nf6 3. e5 Nd5 4. d4 cxd4 5. Nf3 Nc6 6. Bc4 Nb6 7. Bb3 e6 8. cxd4 d6 9. 0-0 Be7 10. Nc3 0-0 11. Be3 Nb4 12. Rc1 Bd7 13. a3 N4d5 14. Nxd5 Nxd5 15. Bxd5 exd5 16. Qb3 Bc6 17. Bf4 Rc8 18. Rc3 f6 1/2-1/2

[Event "Oberliga NRW 0506"]
[Site "Germany"]
[Date "2005.12.04"]
[Round "4.6"]
[White "Meier, Jan"]
[Black "Schuh, Dirk"]
[Result "1-0"]
[WhiteElo "2167"]
[BlackElo "2270"]
[PlyCount "65"]
[EventDate "2005.09.25"]
[EventType "team-tourn"]
[EventRounds "9"]
[EventCountry "GER"]
[SourceTitle "EXT 2007"]
[Source "ChessBase"]
[SourceDate "2006.11.23"]
[SourceVersion "1"]
[SourceVersionDate "2006.11.23"]
[SourceQuality "1"]
[WhiteTeam "Lippstadt Turm"]
[BlackTeam "Werther"]
[WhiteTeamCountry "GER"]
[BlackTeamCountry "GER"]

1. d4 d6 2. e4 Nf6 3. Nc3 e5 4. dxe5 dxe5 5. Qxd8+ Kxd8 6. Bc4 Be6 7. Bxe6 fxe6 8. Nge2 Bd6 9. f3 Nbd7 10. Be3 Ke7 11. 0-0-0 a6 12. Ng3 b5 13. Kb1 Nf8 14. Nce2 Ng6 15. c4 Kf7 16. cxb5 axb5 17. Rd2 Nf4 18. Nc1 g5 19. Rhd1 h5 20. Nb3 g4 21. Bc5 Ra6 22. Nf1 Ke7 23. Ne3 Rg8 24. Rc1 gxf3 25. gxf3 Nd7 26. Bxd6+ cxd6 27. Rc7 Rb6 28. Nc5 Rg1+ 29. Kc2 dxc5 30. Rdxd7+ Kf6 31. h4 Re1 32. Rf7+ Kg6 33. Nf5 1-0

[Event "Oberliga NRW 0506"]
[Site "Germany"]
[Date "2005.11.06"]
[Round "3.6"]
[White "Meier, Jan"]
[Black "Rumpf, Thomas"]
[Result "1/2-1/2"]
[WhiteElo "2167"]
[BlackElo "2248"]
[PlyCount "54"]
[EventDate "2005.09.25"]
[EventType "team-tourn"]
[EventRounds "9"]
[EventCountry "GER"]
[SourceTitle "EXT 2007"]
[Source "ChessBase"]
[SourceDate "2006.11.23"]
[SourceVersion "1"]
[SourceVersionDate "2006.11.23"]
[SourceQuality "1"]
[WhiteTeam "Lippstadt Turm"]
[BlackTeam "Dortmund Hansa"]
[WhiteTeamCountry "GER"]
[BlackTeamCountry "GER"]

1. d4 Nf6 2. c4 c5 3. d5 b5 4. cxb5 a6 5. bxa6 Bxa6 6. Nc3 g6 7. Nf3 d6 8. e4 Bxf1 9. Kxf1 Bg7 10. g3 0-0 11. Kg2 Nbd7 12. Re1 Ng4 13. Qe2 Qb6 14. Nd2 Ngf6 15. f4 Qb7 16. Qf3 Nb6 17. b3 e6 18. dxe6 fxe6 19. Bb2 d5 20. exd5 Nfxd5 21. Rxe6 Rxf4 22. gxf4 Nxf4+ 23. Kg3 Qxf3+ 24. Nxf3 Nxe6 25. a4 Rb8 26. Re1 Nd4 27. Nxd4 Bxd4 1/2-1/2

[Event "Oberliga NRW 0506"]
[Site "Germany"]
[Date "2005.10.09"]
[Round "2.6"]
[White "Wessels, Marco"]
[Black "Meier, Jan"]
[Result "1-0"]
[WhiteElo "2231"]
[BlackElo "2167"]
[PlyCount "75"]
[EventDate "2005.09.25"]
[EventType "team-tourn"]
[EventRounds "9"]
[EventCountry "GER"]
[SourceTitle "EXT 2007"]
[Source "ChessBase"]
[SourceDate "2006.11.23"]
[SourceVersion "1"]
[SourceVersionDate "2006.11.23"]
[SourceQuality "1"]
[WhiteTeam "Duisburg PSV"]
[BlackTeam "Lippstadt Turm"]
[WhiteTeamCountry "GER"]
[BlackTeamCountry "GER"]

1. e4 c5 2. Nf3 e6 3. d4 cxd4 4. Nxd4 Qb6 5. Nb3 a6 6. Be3 Qc7 7. g3 Nf6 8. Bg2 Be7 9. 0-0 Nc6 10. f4 d6 11. c4 0-0 12. Nc3 Nd7 13. Rc1 Nc5 14. Nd4 Rd8 15. Rf2 Nxd4 16. Bxd4 b6 17. Rd2 Bb7 18. b3 Rac8 19. Qg4 Bf8 20. Rf1 b5 21. Bf6 Rd7 22. f5 Kh8 23. Bd4 e5 24. Be3 bxc4 25. b4 Nd3 26. f6 g6 27. Qh4 Rdd8 28. Bh3 Rb8 29. a3 d5 30. exd5 Bxd5 31. Nxd5 Rxd5 32. Bg2 Rdd8 33. Be4 a5 34. Rf5 Nf4 35. gxf4 Rxd2 36. Rh5 gxh5 37. Qxh5 Bh6 38. Qxh6 1-0

[Event "NRW Class2 0304"]
[Site "Germany"]
[Date "2004.02.29"]
[Round "7.5"]
[White "Peschlow, Patrick"]
[Black "Meier, Jan"]
[Result "1/2-1/2"]
[WhiteElo "2237"]
[BlackElo "2190"]
[PlyCount "70"]
[EventDate "2003.09.28"]
[EventType "team"]
[EventRounds "9"]
[EventCountry "GER"]
[SourceTitle "CBM 098 Extra"]
[Source "ChessBase"]
[SourceDate "2004.03.10"]
[SourceVersion "2"]
[SourceVersionDate "2004.03.10"]
[SourceQuality "1"]
[WhiteTeam "Koeln Porz III"]
[BlackTeam "Lippstadt Turm"]
[WhiteTeamCountry "GER"]
[BlackTeamCountry "GER"]

1. e4 c5 2. Nf3 e6 3. Be2 Nc6 4. Nc3 a6 5. d4 cxd4 6. Nxd4 Qc7 7. 0-0 Nf6 8. Be3 Be7 9. f4 d6 10. Kh1 0-0 11. a4 Bd7 12. Nb3 a5 13. e5 dxe5 14. fxe5 Nd5 15. Nxd5 exd5 16. Nxa5 Qxa5 17. c3 Be6 18. Bd3 g6 19. Qd2 Qd8 20. Rf3 f5 21. exf6 Bxf6 22. Raf1 Qe7 23. Qf2 Be5 24. Bh6 Bg7 25. Bxg7 Qxg7 26. Re1 Rxf3 27. Qxf3 Qf7 28. Qe3 Re8 29. Qd4 Qg7 30. Qb6 Qd7 31. Kg1 Re7 32. Qd4 Re8 33. Bc2 Bf7 34. Rxe8+ Qxe8 35. Kf2 Qe7 1/2-1/2

[Event "NRW Class2 0304"]
[Site "Germany"]
[Date "2004.02.08"]
[Round "6.7"]
[White "Meier, Jan"]
[Black "Schmitz, Stephan"]
[Result "1-0"]
[WhiteElo "2190"]
[BlackElo "1955"]
[PlyCount "81"]
[EventDate "2003.09.28"]
[EventType "team"]
[EventRounds "9"]
[EventCountry "GER"]
[SourceTitle "CBM 098 Extra"]
[Source "ChessBase"]
[SourceDate "2004.03.10"]
[SourceVersion "2"]
[SourceVersionDate "2004.03.10"]
[SourceQuality "1"]
[WhiteTeam "Lippstadt Turm"]
[BlackTeam "Hagen"]
[WhiteTeamCountry "GER"]
[BlackTeamCountry "GER"]

1. d4 Nf6 2. c4 g6 3. Nc3 Bg7 4. e4 d6 5. f3 0-0 6. Be3 Nc6 7. Qd2 a6 8. Nge2 Rb8 9. Nc1 e5 10. Nb3 exd4 11. Nxd4 Ne5 12. Be2 Be6 13. b3 c6 14. Nxe6 fxe6 15. 0-0 Qe7 16. Rfd1 Nf7 17. a4 Rbd8 18. b4 Nd7 19. Rab1 c5 20. b5 Qf6 21. Rb3 a5 22. b6 Nde5 23. Nb5 Nc6 24. Qe1 Nb4 25. Qg3 Nc2 26. Bd2 Nd4 27. Nxd4 cxd4 28. Bxa5 h5 29. Bb4 h4 30. Qe1 Rc8 31. h3 Ne5 32. Bxd6 Nxc4 33. Bxf8 Qxf8 34. Bxc4 Rxc4 35. a5 Qf4 36. Qd2 Qg3 37. Qf2 Qf4 38. a6 Be5 39. a7 Ra4 40. Rbd3 Bd6 41. Rxd4 1-0

[Event "Dortmund op-A"]
[Site "Dortmund"]
[Date "2003.08.06"]
[Round "5"]
[White "Meyer, Gerd"]
[Black "Meier, Jan"]
[Result "1/2-1/2"]
[WhiteElo "2021"]
[BlackElo "2190"]
[PlyCount "64"]
[EventDate "2003.08.01"]
[EventType "swiss"]
[EventRounds "9"]
[EventCountry "GER"]
[SourceTitle "CBM 095 Extra"]
[Source "ChessBase"]
[SourceDate "2003.09.04"]
[SourceVersion "1"]
[SourceVersionDate "2003.09.04"]
[SourceQuality "1"]

1. e4 c5 2. d4 cxd4 3. c3 Nf6 4. e5 Nd5 5. Bc4 Nb6 6. Bb3 e6 7. cxd4 d6 8. Nf3 Bd7 9. 0-0 Bc6 10. Nc3 Be7 11. Bf4 0-0 12. Qd3 Na6 13. a3 Nc7 14. exd6 Bxd6 15. Ng5 g6 16. Qh3 h5 17. Be3 Nbd5 18. Nge4 Be7 19. Bh6 Nxc3 20. Nxc3 Re8 21. Rad1 Bg5 22. Bxg5 Qxg5 23. Rd3 Rad8 24. Rfd1 Qf6 25. Qe3 Nd5 26. Qe5 Qh4 27. Rh3 Qg4 28. Rg3 Qh4 29. Ne4 f6 30. Rxg6+ Kf7 31. Qg3 Qxe4 32. Rg7+ Kf8 1/2-1/2

[Event "Werther Schloss op-A 9th"]
[Site "Werther"]
[Date "2003.04.13"]
[Round "4"]
[White "Meier, Jan"]
[Black "Brosig, Boris"]
[Result "1-0"]
[WhiteElo "2158"]
[BlackElo "2202"]
[PlyCount "63"]
[EventDate "2003.04.11"]
[EventType "swiss"]
[EventRounds "5"]
[EventCountry "GER"]
[SourceTitle "CBM 093 Extra"]
[Source "ChessBase"]
[SourceDate "2003.05.09"]
[SourceVersion "1"]
[SourceVersionDate "2003.05.09"]
[SourceQuality "1"]

1. d4 e6 2. Nf3 b6 3. e4 Bb7 4. Bd3 c5 5. c3 Nf6 6. Qe2 d5 7. e5 Ne4 8. Nbd2 Nxd2 9. Bxd2 c4 10. Bc2 Be7 11. 0-0 Nc6 12. Ne1 Qd7 13. f4 g6 14. g4 0-0-0 15. f5 gxf5 16. gxf5 Rdg8+ 17. Kh1 Bg5 18. Bxg5 Rxg5 19. Nf3 Rgg8 20. f6 b5 21. Rg1 Rg6 22. Bxg6 hxg6 23. Rg4 b4 24. Qf2 Qd8 25. Rh4 Rf8 26. Qd2 Qa5 27. Rh7 bxc3 28. bxc3 Qa3 29. Rb1 g5 30. Qb2 Qxb2 31. Rxb2 g4 32. Ng5 1-0

[Event "Muensterland op 20th"]
[Site "Senden"]
[Date "2002.10.16"]
[Round "7"]
[White "Meier, Jan"]
[Black "Schlawin, Marlon"]
[Result "1/2-1/2"]
[WhiteElo "2132"]
[BlackElo "2225"]
[PlyCount "28"]
[EventDate "2002.10.12"]
[EventType "swiss"]
[EventRounds "9"]
[EventCountry "GER"]
[SourceTitle "CBM 090 Extra"]
[Source "ChessBase"]
[SourceDate "2002.11.07"]
[SourceVersion "1"]
[SourceVersionDate "2002.11.07"]
[SourceQuality "1"]

1. d4 Nf6 2. c4 g6 3. Nc3 Bg7 4. e4 d6 5. f3 0-0 6. Be3 c5 7. dxc5 dxc5 8. Qxd8 Rxd8 9. Bxc5 Nc6 10. Ba3 Nd7 11. 0-0-0 Bxc3 12. bxc3 b6 13. Ne2 e5 14. Kc2 Nc5 1/2-1/2

[Event "Werther Schloss op-A 8th"]
[Site "Werther"]
[Date "2002.03.23"]
[Round "3"]
[White "Kuenitz, Klaus"]
[Black "Meier, Jan"]
[Result "0-1"]
[WhiteElo "2068"]
[BlackElo "1904"]
[PlyCount "60"]
[EventDate "2002.03.22"]
[EventType "swiss"]
[EventRounds "5"]
[EventCountry "GER"]
[SourceTitle "CBM 087 Extra"]
[Source "ChessBase"]
[SourceDate "2002.05.03"]
[SourceVersion "2"]
[SourceVersionDate "2002.08.09"]
[SourceQuality "1"]

1. Nf3 d5 2. d4 Nf6 3. c4 e6 4. Nc3 c6 5. e3 Nbd7 6. Qc2 Be7 7. e4 dxe4 8. Nxe4 Nxe4 9. Qxe4 Nf6 10. Qc2 0-0 11. Bd2 b6 12. Bd3 Bb7 13. c5 h6 14. 0-0 bxc5 15. dxc5 Bxc5 16. Ne5 Bd4 17. Rfe1 c5 18. Bc4 Be4 19. Rxe4 Nxe4 20. Qxe4 Bxe5 21. Bd3 f5 22. Qxe5 Qxd3 23. Bc3 Rf6 24. Qxc5 Rg6 25. Re1 Qd5 26. Qxd5 exd5 27. Re7 Rd8 28. Rxa7 d4 29. Bd2 Re6 30. Kf1 d3 0-1

[Event "Werther Schloss op-A 8th"]
[Site "Werther"]
[Date "2002.03.23"]
[Round "2"]
[White "Meier, Jan"]
[Black "Kolthoff, Siegmund"]
[Result "0-1"]
[WhiteElo "1904"]
[BlackElo "2175"]
[PlyCount "66"]
[EventDate "2002.03.22"]
[EventType "swiss"]
[EventRounds "5"]
[EventCountry "GER"]
[SourceTitle "CBM 087 Extra"]
[Source "ChessBase"]
[SourceDate "2002.05.03"]
[SourceVersion "2"]
[SourceVersionDate "2002.08.09"]
[SourceQuality "1"]

1. d4 d5 2. c4 c6 3. Nc3 Nf6 4. Nf3 e6 5. cxd5 exd5 6. Bg5 Be7 7. Qc2 Na6 8. a3 Nc7 9. e3 Ne6 10. Bh4 g6 11. Bd3 0-0 12. 0-0 Ng7 13. b4 a6 14. Rab1 Nf5 15. Bg5 Nd6 16. Nd2 Re8 17. a4 b5 18. Ra1 Bd7 19. Nb3 Nc4 20. axb5 axb5 21. Rxa8 Qxa8 22. Ra1 Qd8 23. Nc5 Bc8 24. Ra7 Ng4 25. Bf4 Bd6 26. Bg3 Bxg3 27. hxg3 Qg5 28. Bxc4 bxc4 29. Qe2 Bf5 30. Nd7 Kg7 31. Qf3 Re7 32. b5 Rxd7 33. b6 Qd8 0-1

[Event "GER-chT U16"]
[Site "Bensdorf"]
[Date "2001.12.27"]
[Round "2.1"]
[White "Van Orsouw, Niclas"]
[Black "Meier, Jan"]
[Result "1-0"]
[WhiteElo "1718"]
[BlackElo "1923"]
[PlyCount "93"]
[EventDate "2001.12.??"]
[EventType "team"]
[EventRounds "7"]
[EventCountry "GER"]
[SourceTitle "EXT 2003"]
[Source "ChessBase"]
[SourceDate "2002.11.25"]
[SourceVersion "1"]
[SourceVersionDate "2002.11.25"]
[SourceQuality "1"]

1. e4 c5 2. Nc3 Nc6 3. f4 g6 4. Nf3 Bg7 5. d3 d6 6. g3 e6 7. Bg2 Nge7 8. 0-0 0-0 9. Be3 Nd4 10. Qd2 Nec6 11. Nd1 b5 12. Nh4 b4 13. c3 Nb5 14. f5 bxc3 15. bxc3 Ne5 16. h3 Rb8 17. Bh6 exf5 18. exf5 f6 19. Bd5+ Kh8 20. d4 cxd4 21. cxd4 g5 22. Bxg7+ Kxg7 23. dxe5 gxh4 24. e6 hxg3 25. Rf3 Qe7 26. Rxg3+ Kh8 27. Nf2 Nc7 28. Ng4 Nxd5 29. Qxd5 Bb7 30. Qd3 Rg8 31. Nh6 Rg7 32. Nf7+ Rxf7 33. exf7 Qxf7 34. Qxd6 Rg8 35. Rb1 h6 36. Rbb3 Rc8 37. Rbc3 Rg8 38. Rxg8+ Qxg8+ 39. Rg3 Qf7 40. Rg6 Kh7 41. Rxf6 Qg7+ 42. Rg6 Qa1+ 43. Kf2 Qxa2+ 44. Ke3 Qb3+ 45. Qd3 Qf7 46. Re6 Kg8 47. Qd8+ 1-0

[Event "Werther Schloss op-A 7th"]
[Site "Werther"]
[Date "2001.04.07"]
[Round "3"]
[White "Meier, Jan"]
[Black "Banik, Thorsten"]
[Result "1/2-1/2"]
[WhiteElo "1912"]
[BlackElo "2128"]
[PlyCount "32"]
[EventDate "2001.04.06"]
[EventType "swiss"]
[EventRounds "5"]
[EventCountry "GER"]
[SourceTitle "EXT 2002"]
[Source "ChessBase"]
[SourceDate "2001.11.25"]
[SourceVersion "1"]
[SourceVersionDate "2001.11.25"]
[SourceQuality "1"]

1. d4 Nf6 2. c4 g6 3. Nc3 d5 4. cxd5 Nxd5 5. e4 Nxc3 6. bxc3 Bg7 7. Bc4 c5 8. Ne2 0-0 9. 0-0 cxd4 10. cxd4 Nc6 11. Be3 e6 12. Rc1 Bd7 13. d5 exd5 14. Bxd5 Na5 15. Qd2 Nc6 16. Rfd1 Be6 1/2-1/2